Statystyki dla Nazwij tę postać historyczną #1

Kliknij tutaj aby rozwiązać quiz!

Ogólne statystyki

  • Ten quiz został rozwiązany 4 261 razy
    (3 790 od ostatniego zresetowania)
  • Średni wynik to 7 z 20

Statystyki odpowiedzi

Odpowiedź% Poprawnych
Matka Teresa
80%
Włodzimierz Lenin
80%
Vincent Van Gogh
64%
Henryk VIII Tudor
60%
Jerzy Waszyngton
60%
William Szekspir
45%
Czyngis-chan
41%
Che Guevara
39%
Hirohito
39%
Al Capone
34%
Thomas Edison
34%
Elżbieta I
31%
Sigmund Freud
17%
Alfred Hitchcock
15%
Amelia Earhart
14%
Edgar Allan Poe
12%
Karol Dickens
8%
Babe Ruth
6%
George Custer
5%
Frederick Douglass
4%

Rozkład punktacji

Percentyl według liczby udzielonych odpowiedzi

Procent ludzi z każdym wynikiem

Twoja historia wyników

Nie rozwiązałeś tego quizu od ostatniego zresetowania